Movies Quiz

Random Movies or Letter Quiz

Actor A-Z: Comedy Quiz Stats

Quiz Updated Jan 26, 2016

Also try: Who's That Actor
Challenge
Share
Tweet
Embed
Score 0/24 Timer 04:00
4 Plays Today
Actor Last Name % Correct
A) Woody _____Allen
96.8%
F) Will ______Ferrell
92.8%
K) Ashton _______Kutcher
92.7%
W) Robin ________Williams
92.7%
M) Bill ______Murray
92.3%
S) Ben _______Stiller
92.2%
C) Sacha Baron _____Cohen
91.9%
V) Vince ______Vaughn
89.2%
B) Jeff _______Bridges
86.6%
L) Martin ________Lawrence
79.6%
H) Kevin _____Hart
76.5%
Q) Randy _____Quaid
75.9%
Actor Last Name % Correct
J) Kevin _____James
74.5%
D) Jeff _______Daniels
69%
N) Leslie _______Nielsen
68.3%
P) Simon ____Pegg
66.1%
T) Rip ____Torn
65%
R) Chris ______Rock
64.8%
G) Zach ____________Galifianakis
63.9%
O) Peter ____O'Toole
60.5%
I) Eric ____Idle
56.5%
E) Cary _____Elwes
53.6%
Z) Steve ____Zahn
41.7%
Y) Michael ____York
29.3%

You're not logged in!

Compare scores with friends on all Sporcle quizzes.
Sign Up with Email
OR
Log In

You Might Also Like...

Show Comments

Extras

Top Quizzes Today


Score Distribution

Your Account Isn't Verified!

In order to create a playlist on Sporcle, you need to verify the email address you used during registration. Go to your Sporcle Settings to finish the process.